000
00209 a2200097 4500
001
30379
100
_a
GHA, Ghalib
245
_a
Mirza Ghalib
260
_a
Lahore
_b
Progressive Books
_c
090
_c
20332
_d
20332
942
_a
NUST-CAE
_c
M
_c
11484
999
_c
265452
_d
265452